• 首页
  • 本馆介绍
  • 公告通知
  • 最新文献
  • 馆藏检索
  • 电子资源
  • 读者导购
  • 参考咨询
  • 我的图书馆
  • 登录
  • 详细信息显示
  • 放入我的书架
  • 预约/预借图书
  • 作者相关作品
  • 分类相关作品
  • 丛书相关作品
  • 出版社相关作品

书目信息

  • 表格格式
  • 工作单格式
  • 卡片格式
题名:
太空物理学导论
    
 
作者: Kivelson Margaret G , Margaret G.Kivelson 主编 ;曹晋滨 译
分册:  
出版信息: 北京   科学出版社  2001
页数: 17,433页
开本: 26cm
丛书名: 中国科学院研究生教学丛书
单 册:
中图分类:
科图分类:
主题词: 空间物理学--研究生--教材 , 空间物理学 , 高层大气 , 空间物理学
电子资源:
ISBN: 7-03-008864-6
000 01299nam0 2200361 450
000 01229nam0 2200325 450
000 01166nam0 2200301 450
000 01130nam0 2200289 45
005 20070527135311.20
010    @a7-03-008864-6@dCNY57.00
100    @a20070419d2001 em y0chiy0120 ea
101 1  @achi@ceng
102    @aCN@b110000
105    @aa z 000yy
200 1  @a太空物理学导论@ATai Kong Wu Li Xue Dao Lun@f(美)Margaret G.Kivelson,(美)Christopher T.Russell主编@F( Mei )Margaret G.Kivelson,( Mei )Christopher T.Russell Zhu Bian@g曹晋滨等译
210    @a北京@c科学出版社@d2001
215    @a17,433页@c照片@d26cm
225 2  @a中国科学院研究生教学丛书
305    @a据Camgridge University Press 1995年版译出
330    @a本书详细介绍了太阳系中空间等离子体所有研究方面的内容,提供了日地空间环境中电离气体复杂相互作用的研究方法。
410  0 @12001 @a中国科学院研究生教学丛书
510    @aIntroduction to Space Physics@zeng
606 0  @a空间物理学@x研究生@j教材
606 0  @a空间物理学
606 0  @a高层大气
606 0  @a空间物理学
690    @P35@v4
690    @aP35@v3
701  1 @c(美)@aKivelson Margaret G@4主编
701  1 @c(美)@aMargaret G.Kivelson@4主编
702  0 @a曹晋滨@ACao Jin Bin@4译
801  0 @aCN@bTAOJIN@c20070527
905    @a10447@dP35@e93
    
    太空物理学导论/(美)Margaret G.Kivelson,(美)Christopher T.Russell主编/曹晋滨等译.-北京:科学出版社,2001
    17,433页:照片;26cm.-(中国科学院研究生教学丛书)
    ←并列题名:Introduction to Space Physics
    
    ISBN 7-03-008864-6:CNY57.00
    本书详细介绍了太阳系中空间等离子体所有研究方面的内容,提供了日地空间环境中电离气体复杂相互作用的研究方法。
●
相关链接 在E读中查询图书 在五车中查询图书 在当当中查询图书 在豆瓣中查询图书


正题名:太空物理学导论     索取号:P35/93         预约/预借

序号 登录号 条形码 馆藏地/架位号 状态 备注
1 0522902   205229028   第二样本阅览室/ [索取号:P35/93] 在馆    
2 0522903   205229037   第三借阅区/ [索取号:P35/93] 在馆    
3 0522904   205229046   第三借阅区/ [索取号:P35/93] 在馆    
4 0522905   205229055   第三借阅区/ [索取号:P35/93] 在馆    
唐山师范学院图书馆 欢迎您!
大连网信软件有限公司© 版权所有